US Presidential Surnamesakes Quiz Stats

 Plays Quiz not verified by Sporcle

Also try: The Situation Room
Challenge
Share
Tweet
Embed
Score 0/39 Timer 05:00
0 Plays Today
% Correct
Washington
98.8%
Jackson
98.8%
Monroe
97.5%
Ford
96.3%
Hoover
93.8%
Tyler
90.1%
Harrison
87.7%
Grant
85.2%
Taylor
85.2%
Hayes
65.4%
Arthur
63.6%
Adams
59.1%
Bush
55.6%
Johnson
54.3%
Garfield
45.7%
Clinton
43.2%
Carter
40.7%
Coolidge
38.3%
Pierce
35.8%
Madison
35.8%
% Correct
Kennedy
34.6%
Wilson
25.9%
Harding
19.8%
Trump
16.7%
Buchanan
16%
Obama
16%
McKinley
12.3%
Reagan
12.3%
Roosevelt
11.1%
Jefferson
11.1%
Cleveland
9.9%
Nixon
8.6%
Lincoln
7.4%
Fillmore
6.2%
Truman
4.9%
Taft
4.9%
Eisenhower
4.9%
Polk
3.7%
Van Buren
2.5%

You're not logged in!

Compare scores with friends on all Sporcle quizzes.
OR
Log In

You Might Also Like...

Show Comments

Extras

Top Quizzes Today


Score Distribution

Your Account Isn't Verified!

In order to create a playlist on Sporcle, you need to verify the email address you used during registration. Go to your Sporcle Settings to finish the process.

Report this User

Report this user for behavior that violates our Community Guidelines.

Details: